| 000 | 00684nam a2200205 a 4500 | ||
|---|---|---|---|
| 001 | 000026017 | ||
| 005 | 20200930024231.0 | ||
| 008 | 110217s1969 ag r 000 | spa d | ||
| 040 |
_aDO-SdBNP _bspa _cBNPHU |
||
| 041 |
_aspa _heng _2Código de idioma MARC |
||
| 082 |
_aNNN _bE23p |
||
| 100 | 1 |
_aEdge, Findley B., _952923 |
|
| 240 | 0 |
_aTeaching for results _lEspañol |
|
| 245 | 1 | 0 |
_aPedagogía fructífera / _cFindley B. Edge; versión castellana Alberto López. |
| 260 |
_aBuenos Aires : _bCasa Bautista de Publicaciones, _c1969. |
||
| 300 |
_a186 p. ; _c20 cm. |
||
| 534 |
_aTítulo original : _tTeaching for results |
||
| 500 | _aIncluye nota al pie de páginas | ||
| 049 | _aBNGR | ||
| 999 |
_c25509 _d25509 |
||